Projects for economic and technical cooperation.
| Format: | Book |
|---|---|
| Published: |
[s.l]:
[s.n],
[200-].
|
| Subjects: |
| LEADER | 00380cam a2200121 7i4500 | ||
|---|---|---|---|
| 001 | 0000013157 | ||
| 005 | 20040101090000.0 | ||
| 090 | 0 | 0 | |a CHIN 330 |b PRO |
| 245 | 0 | 0 | |a Projects for economic and technical cooperation. |
| 260 | 0 | 0 | |a [s.l]: |b [s.n], |c [200-]. |
| 300 | # | # | |a 200 p. |
| 650 | 0 | 0 | |a Economic -- |x Technical cooperation projects -- |z China |
| 999 | |a 0000015299 |b Book |c Book |e Business Information Centre | ||